Online
Catalog

Dostoievski y el realismo romántico / (Record no. 18626)

MARC details
000 -CABECERA
campo de control de longitud fija 01028nam a2200265 a 4500
001 - NÚMERO DE CONTROL
campo de control 000019108
005 - FECHA Y HORA DE LA ÚLTIMA TRANSACCIÓN
campo de control 20200929165927.0
008 - DATOS DE LONGITUD FIJA--INFORMACIÓN GENERAL
campo de control de longitud fija 100525s1970 ve 000 0 spa d
040 ## - FUENTE DE LA CATALOGACIÓN
Centro catalogador/agencia de origen DO-SdBNP
Lengua de catalogación spa
Centro/agencia transcriptor BNPHU
041 17 - CÓDIGO DE LENGUA
Código de lengua del texto/banda sonora o título independiente spa
Código de lengua original eng
Fuente del código Código de idioma MARC
082 ## - NÚMERO DE LA CLASIFICACIÓN DECIMAL DEWEY
Número de clasificación nnnn
Número de documento/Ítem F211d
049 ## - FONDOS LOCALES (OCLC)
Fondos de biblioteca BNGR
100 1# - ENTRADA PRINCIPAL--NOMBRE DE PERSONA
Nombre de persona Fanger, Donald,
9 (RLIN) 41119
240 10 - TÍTULO UNIFORME
Título uniforme Dostoievski and romantic realism.
Lenguaje de la obra Español.
245 10 - MENCIÓN DE TÍTULO
Título Dostoievski y el realismo romántico /
Mención de responsabilidad, etc. Donald Fanger ; traducción de Francisco Rivera.
260 ## - PUBLICACIÓN, DISTRIBUCIÓN, ETC.
Lugar de publicación, distribución, etc. Venezuela :
Nombre del editor, distribuidor, etc. Biblioteca de la Universidad Central de Venezuela,
Fecha de publicación, distribución, etc. 1970.
300 ## - DESCRIPCIÓN FÍSICA
Extensión 289 p. ;
Dimensiones 21 cm.
490 1# - MENCIÓN DE SERIE
Mención de serie Temas
Designación de volumen o secuencia 33
504 ## - NOTA DE BIBLIOGRAFÍA, ETC.
Nota de bibliografía, etc. Incluye referencias bibliográficas y notas al pie de las páginas.
534 ## - NOTA SOBRE LA VERSIÓN ORIGINAL
Frase introductoria Título original en inglés:
Mención de título del original Dostoievski and romantic realism.
Publicación, distribución, etc. del original Cambridge, Massachusetts : Harvard University, 1967
504 ## - NOTA DE BIBLIOGRAFÍA, ETC.
Nota de bibliografía, etc. Bibliografía: p. (273-[279])
700 1# - PUNTO DE ACCESO ADICIONAL--NOMBRE DE PERSONA
Nombre de persona Rivera, Francisco,
Término indicativo de función/relación tr.
9 (RLIN) 20660
830 #0 - PUNTO DE ACCESO ADICIONAL DE SERIE-TÍTULO UNIFORME
Título uniforme Temas ;
Designación de volumen o secuencia 33
9 (RLIN) 9064
910 ## - DATOS DE OPCIÓN DEL USUARIO (OCLC)
Datos de opción del usuario Catalogación original
Holdings
Estado de retiro Estado de pérdida Restricciones de uso No para préstamo Código de colección Localización permanente Ubicación/localización actual Ubicación en estantería Fecha de adquisición Número de inventario Total de préstamos Signatura topográfica completa Código de barras Fecha visto por última vez Precio válido a partir de Tipo de ítem Koha
        Monografías: Libros y Folletos General General En catalogación 25.05.2010 LF1   nnnn F211d 19108-10 25.06.2020 25.06.2020 Préstamo en sala

Powered by Koha